World of knowledge / (Record no. 173434)

MARC details
000 -LEADER
fixed length control field 00585pam a2200229 4500
001 - CONTROL NUMBER
control field 0000172939
003 - CONTROL NUMBER IDENTIFIER
control field PPAK
005 - DATE AND TIME OF LATEST TRANSACTION
control field 20190712130731.0
008 - FIXED-LENGTH DATA ELEMENTS--GENERAL INFORMATION
fixed length control field 161215s2008 CNT 000 0 eng d
020 ## - INTERNATIONAL STANDARD BOOK NUMBER
International Standard Book Number 9781906020170
040 ## - CATALOGING SOURCE
Transcribing agency PPAK
Original cataloging agency PPAK
082 ## - DEWEY DECIMAL CLASSIFICATION NUMBER
Classification number 032.02
090 00 - LOCALLY ASSIGNED LC-TYPE CALL NUMBER (OCLC); LOCAL CALL NUMBER (RLIN)
Classification number (OCLC) (R) ; Classification number, CALL (RLIN) (NR) 032.02
Feature heading WOR
Feature heading R
245 00 - TITLE STATEMENT
Title World of knowledge /
260 ## - PUBLICATION, DISTRIBUTION, ETC.
Place of publication, distribution, etc. London :
Name of publisher, distributor, etc. Sandcastle Books,
Date of publication, distribution, etc. 2008
300 ## - PHYSICAL DESCRIPTION
Extent 445 p :
Other physical details col.ill.,
Dimensions 22 cm
336 ## - CONTENT TYPE
Source rdacontent
Content type term text
337 ## - MEDIA TYPE
Source rdamedia
Media type term unmediated
338 ## - CARRIER TYPE
Source rdacarrier
Carrier type term volume
440 #0 - SERIES STATEMENT/ADDED ENTRY--TITLE
Title Pocket Encyclopedia
942 ## - ADDED ENTRY ELEMENTS (KOHA)
Source of classification or shelving scheme Dewey Decimal Classification
Koha item type Book
Holdings
Withdrawn Not for loan Current library Shelving location Date acquired Full call number Barcode Date last seen Koha item type
  Not For Loan Perpustakaan Alor Setar Rujukan Dewasa 14/04/2009 R 032.02 WOR A01282559 12/07/2019 Book